| 000 | 00404nam a22001457a 4500 | ||
|---|---|---|---|
| 020 | _a0 333 25320 5 | ||
| 082 |
_a358.4 _bARM _cL-30-II P-93 |
||
| 100 |
_aArmitage, M.J _948862 |
||
| 245 | _aAir power in the nuclear age, 1945-82 | ||
| 260 |
_aGreat Britain _bPitman Press |
||
| 300 |
_axv, 296 p. : _bill. : _c8 Cm |
||
| 526 |
_a0 _b0 _c0 _d358_400000000000000_ARM |
||
| 650 |
_aMCE _9379 |
||
| 942 |
_2ddc _cBK |
||
| 999 |
_c551736 _d551736 |
||